Malediven-Quiz - Statistiken

Allgemein
  • Dieses Quiz wurde 2.298 mal gespielt
  • Das Durchschnittsergebnis liegt bei 9 aus 13
Antwortstatistiken
Frage Antwort % Korrekt
Ozean, in welchem sich die Malediven befinden Indischer Ozean
98%
Hauptstadt der Malediven Malé
92%
Staatsreligion Islam
86%
Naturkatastrophe, die die Malediven 2004 verwüstete Tsunami
83%
Die Bewohner der Malediven essen pro Kopf mehr davon als alle anderen Ländern weltweit Fisch
76%
Land, von dem die Malediven 1965 unabhängig wurden Vereinigtes Königreich
75%
Industrie, die 60% des Einkommens ausmacht Tourismus
70%
Die Maldiven bestehen aus 26 dieser Inseltypen : ein Korallenriff, das ein Lagune umgibt Atoll
60%
Die Malediven haben die tiefste durchschnittliche ___ weltweit Höhe
60%
Darum sind die Malediven das Land, das von diesem Phänomen am meisten gefährdet sind Klimaerwärmung
56%
Dominante Religion vom 3. Jahrhundert v. Chr. bis ca. 1200 A.D. Buddhismus
54%
In alten Zeiten gab es viele davon in den Malediven, die als Tauschmittel dienten Muscheln
47%
Amtssprache Dhivehi
33%
Keine übereinstimmenden Quizze gefunden
Verteilung der Resultate
Anzahl Personen mit jedem Resultat
Perzentil nach korrekt beantworteten Fragen
Ihre Resultats-Entwicklung
Sie haben dieses Quiz noch nicht gespielt